|
|
|
|
| LEADER |
00000nam a2200000Ia 4500 |
| 008 |
171208b2012 cr ||||| |||| 00| | spa d |
| 999 |
|
|
|c 1489
|d 1489
|
| 090 |
|
|
|a 06.02.01
|b 2001 (2012)
|
| 100 |
1 |
|
|a Guzmán Hernández, Ana Luisa
|9 1632
|
| 245 |
1 |
0 |
|a Plan de los 200 días lectivos del Ministerio de Educación Pública de Costa Rica: potenciando competencias personales para favorecer la convivencia institucional y el logro efectivo de objetivos comunes /
|c Ana Luisa Guzmán, compiladora
|
| 260 |
|
|
|a San José, Costa Rica :
|b INIE. MEP. Instituto de Desarrollo profesional Uladislao Gámez Solano,
|c 2012
|
| 300 |
|
|
|a 300 páginas
|
| 650 |
1 |
4 |
|a CAPACITACIÓN
|9 729
|
| 650 |
1 |
4 |
|a DOCENTES
|9 331
|
| 942 |
|
|
|i 00854
|h 06.02.01 2001 (2012)
|2 z
|c 04
|